REPORT on a pilot study on the methodology of conservation of forest genetic resources : [based on the work of L. R. Roche and other authors]

Bibliographic Details
Corporate Authors: Food and Agriculture Organization of the United Nations (FAO), United Nations Environment Programme
Other Authors: Roche
Format: Book
Published: Rome : Food and Agriculture Organization of the United Nations , 1975
Subjects:

MARC

LEADER 00000cam a2200000 7i4500
001 0000001672
005 20011013.0
090 0 0 |a FAO 634.956   |b REP 1975 
245 0 0 |a REPORT on a pilot study on the methodology of conservation of forest genetic resources :   |b [based on the work of L. R. Roche and other authors] 
260 0 0 |a Rome :   |b Food and Agriculture Organization of the United Nations ,   |c 1975 
300 |a xi, 127 p. :   |b ill ;   |c 28 cm. 
500 0 0 |a Includes bibliographies 
650 0 0 |a Forest genetic resources conservation   |x Methodology 
700 0 1 |a Roche   |h L. R. 
710 1 1 |a Food and Agriculture Organization of the United Nations (FAO) 
710 1 1 |a United Nations Environment Programme. 
998 |a JPSM 
999 |a 0000002614   |b Monograph   |c Open Shelf   |e Default branch